[Event "NAYCC U14"]
[Site "Kingston CAN"]
[Date "2019.08.19"]
[Round "7.119"]
[White "Lu, Jason"]
[Black "Rusonik, Max"]
[Result "1-0"]
[WhiteElo "2161"]
[BlackElo "2180"]
[PlyCount "87"]
[EventDate "2019.08.16"]
[EventType "swiss"]
[EventRounds "9"]
[EventCountry "CAN"]

1. e4 e5 2. Nf3 Nc6 3. Bc4 Bc5 4. d3 Nf6 5. c3 a6 6. a4 Ba7 7. O-O d6 8. Bg5 h6
9. Bh4 g5 10. Bg3 Bg4 11. Nbd2 Nh5 12. Kh1 Nf4 13. h3 Bh5 14. Qe1 Qf6 15. Nh2
O-O-O 16. b4 Ne7 17. f3 d5 18. exd5 Nexd5 19. Ne4 Qb6 20. Bf2 Ne3 21. a5 Qg6
22. Bxe3 Bxe3 23. Qxe3 f5 24. Nf2 Nd5 25. Bxd5 Rxd5 26. g4 fxg4 27. fxg4 Qc6
28. gxh5 Rxd3+ 29. Qe4 Qxe4+ 30. Nxe4 Rxh3 31. Rf3 Rxh5 32. Raf1 Rd8 33. Rf8
Rh3 34. Rxd8+ Kxd8 35. Rf3 Rh4 36. Nc5 b6 37. Nxa6 bxa5 38. bxa5 g4 39. Rg3 h5
40. Nc5 Kc8 41. Kg2 Kb8 42. Nf1 Ka7 43. Ne3 e4 44. Nf5 1-0

[Event "NAYCC U14"]
[Site "Kingston CAN"]
[Date "2019.08.19"]
[Round "7.120"]
[White "Zheng, Kevin"]
[Black "Zhang, Kevin2"]
[Result "0-1"]
[WhiteElo "2058"]
[BlackElo "1795"]
[PlyCount "70"]
[EventDate "2019.08.16"]
[EventType "swiss"]
[EventRounds "9"]
[EventCountry "CAN"]

1. d4 d5 2. c4 e6 3. Nc3 Nf6 4. cxd5 exd5 5. Bg5 c6 6. e3 Bd6 7. Bd3 O-O 8. Qc2
h6 9. Bh4 Be6 10. Nge2 Nbd7 11. O-O Bxh2+ 12. Kh1 Bd6 13. Rab1 Be7 14. b4 Ng4
15. Bxe7 Qxe7 16. g3 Qf6 17. Kg2 g5 18. Na4 Kg7 19. Nc5 h5 20. Nxb7 h4 21. gxh4
Rh8 22. Ng1 Rh5 23. Qe2 Rah8 24. Nf3 gxh4 25. Rbc1 h3+ 26. Kh1 Bf5 27. Rg1 Bxd3
28. Rxg4+ Kf8 29. Qd1 Be4 30. Rf4 Rf5 31. Kg1 Rxf4 32. exf4 h2+ 33. Nxh2 Qg6+
34. Kf1 Qg2+ 35. Ke1 Rxh2 0-1

[Event "NAYCC U14"]
[Site "Kingston CAN"]
[Date "2019.08.19"]
[Round "7.121"]
[White "Modi, Ethan"]
[Black "Li, Dennis"]
[Result "1-0"]
[WhiteElo "1980"]
[BlackElo "2151"]
[PlyCount "95"]
[EventDate "2019.08.16"]
[EventType "swiss"]
[EventRounds "9"]
[EventCountry "CAN"]

1. d4 Nf6 2. c4 g6 3. Nc3 Bg7 4. e4 d6 5. Bg5 h6 6. Be3 O-O 7. Be2 Nbd7 8. Qd2
Kh7 9. g4 Ne8 10. O-O-O e5 11. d5 Qe7 12. h4 a5 13. Nh3 Nc5 14. Kb1 b6 15. Rdg1
Bd7 16. Qd1 Rh8 17. Qd2 Kg8 18. h5 g5 19. Nxg5 hxg5 20. Bxg5 f6 21. Be3 Kh7 22.
f4 Bh6 23. Bxc5 exf4 24. Bd4 f3 25. Qd3 fxe2 26. e5+ Kg8 27. e6 Bxe6 28. dxe6
c5 29. Bf2 Qxe6 30. Nxe2 Rd8 31. Nc3 Qf7 32. Nd5 Rb8 33. Re1 Rb7 34. Rxe8+ Kg7
35. Rxh8 Kxh8 36. Re1 Kg8 37. Bh4 Bg7 38. Qf5 b5 39. cxb5 Rxb5 40. Re7 Qxe7 41.
Nxe7+ Kf7 42. Nd5 Rb7 43. Bxf6 c4 44. Qg6+ Kg8 45. Ne7+ Kf8 46. Qxg7+ Ke8 47.
Qg8+ Kd7 48. Qc8# 1-0

[Event "NAYCC U14"]
[Site "Kingston CAN"]
[Date "2019.08.19"]
[Round "7.122"]
[White "Wu, Eric"]
[Black "Wang, Paul"]
[Result "1-0"]
[WhiteElo "2080"]
[BlackElo "1977"]
[PlyCount "55"]
[EventDate "2019.08.16"]
[EventType "swiss"]
[EventRounds "9"]
[EventCountry "CAN"]

1. e4 e5 2. Nf3 Nc6 3. Bb5 a6 4. Ba4 Nf6 5. Qe2 b5 6. Bb3 Bc5 7. c3 O-O 8. O-O
h6 9. Rd1 Re8 10. d3 Bb7 11. Nbd2 d5 12. Nf1 Bf8 13. Ng3 Na5 14. Bc2 g6 15. h4
c5 16. h5 Bg7 17. hxg6 fxg6 18. Nh4 Kh7 19. exd5 Qxd5 20. Be3 Qd8 21. d4 Ne4
22. Qg4 exd4 23. Nxe4 Qb6 24. cxd4 cxd4 25. Bxd4 Bxd4 26. Rxd4 Qxd4 27. Qxg6+
Kh8 28. Nf6 1-0

[Event "NAYCC U14"]
[Site "Kingston CAN"]
[Date "2019.08.19"]
[Round "7.123"]
[White "Huang, Ryan"]
[Black "Richard, Leo"]
[Result "1/2-1/2"]
[WhiteElo "2024"]
[BlackElo "1940"]
[PlyCount "71"]
[EventDate "2019.08.16"]
[EventType "swiss"]
[EventRounds "9"]
[EventCountry "CAN"]

1. d4 Nf6 2. c4 e6 3. Nc3 Bb4 4. e3 O-O 5. Nge2 b6 6. a3 Be7 7. Nf4 Bb7 8. d5
exd5 9. cxd5 Bd6 10. Be2 c6 11. O-O Ba6 12. Bxa6 Nxa6 13. Qf3 Rc8 14. Rd1 Qe7
15. b4 Nc7 16. dxc6 dxc6 17. Bb2 Ne6 18. Nxe6 Qxe6 19. Ne2 Be5 20. Bxe5 Qxe5
21. Rac1 c5 22. bxc5 Rxc5 23. Nd4 Rfc8 24. Rxc5 bxc5 25. Qf5 Qxf5 26. Nxf5 Kf8
27. Kf1 g6 28. Nd6 Rc6 29. Nc4 Ke7 30. f3 Nd7 31. Ke2 Nb6 32. Kd3 Nxc4 33. Kxc4
Ra6 34. Rd3 Rd6 35. Rd5 Ra6 36. Rd3 1/2-1/2

[Event "NAYCC U14"]
[Site "Kingston CAN"]
[Date "2019.08.19"]
[Round "7.124"]
[White "Zhao, Jeffrey Renfei"]
[Black "Windram, James"]
[Result "1/2-1/2"]
[WhiteElo "1999"]
[BlackElo "2064"]
[PlyCount "63"]
[EventDate "2019.08.16"]
[EventType "swiss"]
[EventRounds "9"]
[EventCountry "CAN"]

1. e4 c5 2. Nf3 Nc6 3. d4 cxd4 4. Nxd4 Nf6 5. Nc3 d6 6. f3 e5 7. Nb3 Be7 8. Be3
O-O 9. Qd2 a5 10. Bb5 Be6 11. Rd1 Na7 12. Be2 Nc8 13. Bb5 Nb6 14. Qf2 Nbd7 15.
O-O Qc7 16. Na4 Bc4 17. Bxc4 Qxc4 18. Nb6 Nxb6 19. Bxb6 a4 20. Na5 Qxa2 21. c4
Rxa5 22. Bxa5 Qxc4 23. Rc1 Qb5 24. Qb6 Qxb6+ 25. Bxb6 Nd7 26. Be3 Nc5 27. Rfd1
b5 28. Bxc5 dxc5 29. Kf1 Ra8 30. Rd7 Kf8 31. Ke2 b4 32. Rd3 1/2-1/2

[Event "NAYCC U14"]
[Site "Kingston CAN"]
[Date "2019.08.19"]
[Round "7.125"]
[White "Zhou, Skyler"]
[Black "Gao, Raymond"]
[Result "1/2-1/2"]
[WhiteElo "1851"]
[BlackElo "2136"]
[PlyCount "96"]
[EventDate "2019.08.16"]
[EventType "swiss"]
[EventRounds "9"]
[EventCountry "CAN"]

1. d4 Nf6 2. c4 c5 3. e3 g6 4. Nf3 Bg7 5. Nc3 O-O 6. Be2 cxd4 7. exd4 d5 8. O-O
Nc6 9. Be3 a6 10. h3 dxc4 11. Bxc4 b5 12. Bb3 Bb7 13. Rc1 e6 14. Bg5 h6 15. Be3
Ne7 16. a3 Rc8 17. Ne5 Nfd5 18. Nxd5 Nxd5 19. Rxc8 Qxc8 20. Bxd5 Bxd5 21. Qd2
Kh7 22. Rc1 Qb7 23. f3 Rb8 24. b4 Qe7 25. Nc6 Bxc6 26. Rxc6 a5 27. Qc3 axb4 28.
axb4 e5 29. Rc5 exd4 30. Bxd4 Bxd4+ 31. Qxd4 Rd8 32. Qf4 Qe1+ 33. Kh2 Qe8 34.
Qe5 Qxe5+ 35. Rxe5 Rb8 36. g4 Kg7 37. h4 Kf6 38. Rc5 Rb7 39. Kg3 Rb6 40. Kf4
Ke6 41. g5 h5 42. Ke4 Kd6 43. f4 Rb7 44. Kd4 Rb6 45. f5 Rb7 46. f6 Rb6 47. Rd5+
Ke6 48. Re5+ Kd6 1/2-1/2

[Event "NAYCC U14"]
[Site "Kingston CAN"]
[Date "2019.08.19"]
[Round "7.126"]
[White "Shubin, Daniel"]
[Black "Wang, Oscar"]
[Result "1-0"]
[WhiteElo "2041"]
[BlackElo "1787"]
[PlyCount "53"]
[EventDate "2019.08.16"]
[EventType "swiss"]
[EventRounds "9"]
[EventCountry "CAN"]

1. e4 c5 2. Nf3 Nc6 3. d4 cxd4 4. Nxd4 g6 5. Nc3 Bg7 6. Be3 Nf6 7. Bc4 d6 8. h3
O-O 9. Bb3 Bd7 10. O-O a6 11. f4 Rc8 12. Qd3 Qc7 13. Rad1 b5 14. Nf3 Na5 15. e5
dxe5 16. fxe5 Bf5 17. Qd4 Nc6 18. Qf4 Nh5 19. Qh4 Bxe5 20. Nd5 Bg3 21. Nxc7
Bxh4 22. Nxh4 Ng3 23. Nxa6 Nxf1 24. Nxf5 Nxe3 25. Nxe3 e6 26. Nc5 Rcd8 27. Nd7
1-0

[Event "NAYCC U14"]
[Site "Kingston CAN"]
[Date "2019.08.19"]
[Round "7.127"]
[White "Wu, Lucian"]
[Black "Joseph Benher, Savio"]
[Result "1-0"]
[WhiteElo "1832"]
[BlackElo "2033"]
[PlyCount "119"]
[EventDate "2019.08.16"]
[EventType "swiss"]
[EventRounds "9"]
[EventCountry "CAN"]

1. d4 Nf6 2. c4 e6 3. Nc3 Bb4 4. Qc2 d5 5. a3 Bxc3+ 6. Qxc3 c5 7. Nf3 Nc6 8. e3
cxd4 9. exd4 h6 10. Bd3 dxc4 11. Qxc4 O-O 12. O-O Qd6 13. b4 Rd8 14. Bb2 a6 15.
Rac1 Bd7 16. Rfd1 Rac8 17. Qb3 Nd5 18. Bb1 Be8 19. Qc2 g6 20. Qe4 Qf4 21. Qe2
Nce7 22. Rc5 Bb5 23. Qe1 Qf6 24. Qd2 h5 25. Qc2 b6 26. Rxc8 Rxc8 27. Qd2 Nf5
28. Rc1 Rxc1+ 29. Bxc1 Nd6 30. Qc2 Qd8 31. Qd2 Qc8 32. Qh6 Nc3 33. Bf4 Ne2+ 34.
Kh1 Nxf4 35. Qxf4 Nc4 36. Ng5 Qd7 37. Ne4 Kg7 38. Qf6+ Kg8 39. Qf4 Qe7 40. Ba2
e5 41. dxe5 Qxe5 42. Qxe5 Nxe5 43. f4 Bc4 44. Bb1 Ng4 45. Kg1 Kf8 46. h3 Ne3
47. Kf2 Nf5 48. g4 hxg4 49. hxg4 Nd4 50. Ke3 Nc6 51. Nd6 Be6 52. g5 Ke7 53. Ne4
a5 54. b5 Na7 55. Bd3 Nc8 56. Kd4 Nd6 57. Nc3 Ne8 58. Na4 Kd6 59. Nxb6 Nc7 60.
Nc4+ 1-0

[Event "NAYCC U14"]
[Site "Kingston CAN"]
[Date "2019.08.19"]
[Round "8.128"]
[White "Wang, Paul"]
[Black "Zhou, Skyler"]
[Result "1-0"]
[WhiteElo "1977"]
[BlackElo "1851"]
[PlyCount "125"]
[EventDate "2019.08.16"]
[EventType "swiss"]
[EventRounds "9"]
[EventCountry "CAN"]

1. e4 c6 2. d4 d5 3. e5 Bf5 4. Nf3 e6 5. Be2 Nd7 6. Nbd2 Ne7 7. c3 c5 8. Nf1
Nc6 9. Ng3 Bg6 10. h4 h6 11. h5 Bh7 12. Bd3 Bxd3 13. Qxd3 Be7 14. a3 Qb6 15.
O-O c4 16. Qc2 O-O-O 17. Be3 Rdg8 18. Nd2 Na5 19. Rab1 g5 20. b3 cxb3 21. Nxb3
f5 22. exf6 Nxf6 23. Nxa5 Qxa5 24. Qb3 b6 25. c4 dxc4 26. Rfc1 Kb7 27. Rxc4 Qd5
28. Qd3 Bd6 29. Ra4 Rg7 30. Rb5 Qc6 31. d5 exd5 32. Nf5 Rc7 33. Nxd6+ Qxd6 34.
Rb1 Nd7 35. Qa6+ Kb8 36. Rab4 Rb7 37. a4 Rc8 38. a5 Rc6 39. axb6 Nxb6 40. f4
Rc4 41. Rxc4 dxc4 42. fxg5 hxg5 43. Qb5 c3 44. Qxg5 c2 45. Rc1 Qd1+ 46. Kh2 Rd7
47. h6 Rd5 48. Qf4+ Kb7 49. Qf3 Qxf3 50. gxf3 Nc4 51. Bf4 Na3 52. Kg3 Rd7 53.
Kg4 Kc6 54. Ra1 Rd1 55. Rxa3 c1=Q 56. Bxc1 Rxc1 57. Rxa7 Rb1 58. Kf5 Rh1 59. h7
Kd6 60. f4 Rh5+ 61. Kf6 Rh1 62. Rg7 Rh6+ 63. Kf7 1-0

[Event "NAYCC U14"]
[Site "Kingston CAN"]
[Date "2019.08.19"]
[Round "8.129"]
[White "Astudillo Cuevas, Alonso"]
[Black "Stoilov, Vadym"]
[Result "0-1"]
[WhiteElo "1975"]
[BlackElo "1626"]
[PlyCount "62"]
[EventDate "2019.08.16"]
[EventType "swiss"]
[EventRounds "9"]
[EventCountry "CAN"]

1. e4 c5 2. b4 cxb4 3. a3 e6 4. Nf3 Nc6 5. axb4 Bxb4 6. c3 Be7 7. d4 d6 8. Bd3
Nf6 9. O-O O-O 10. e5 dxe5 11. dxe5 Nd7 12. Qc2 Ndxe5 13. Bxh7+ Kh8 14. Nxe5
Nxe5 15. Rd1 Qc7 16. Bd3 Rd8 17. Ba3 Nxd3 18. Bxe7 Qxe7 19. Rxd3 Rxd3 20. Qxd3
Bd7 21. Nd2 Bc6 22. Ra5 g6 23. Qd4+ Kg8 24. Rxa7 Rxa7 25. Qxa7 Qg5 26. f3 Qxd2
27. Qa8+ Kg7 28. Qa1 Kh7 29. h3 Qe3+ 30. Kf1 Bb5+ 31. c4 Bxc4# 0-1

[Event "NAYCC U14"]
[Site "Kingston CAN"]
[Date "2019.08.19"]
[Round "8.130"]
[White "Yoker, Callum"]
[Black "Xing, Larrance"]
[Result "1/2-1/2"]
[WhiteElo "1345"]
[BlackElo "1787"]
[PlyCount "47"]
[EventDate "2019.08.16"]
[EventType "swiss"]
[EventRounds "9"]
[EventCountry "CAN"]

1. d4 Nf6 2. Nc3 g6 3. e4 d6 4. f4 Bg7 5. Nf3 O-O 6. e5 dxe5 7. fxe5 Nd5 8. Bc4
Nxc3 9. bxc3 Nc6 10. a3 Na5 11. Ba2 b6 12. O-O Ba6 13. Rf2 Nc6 14. Ng5 Nxe5 15.
Qd2 h6 16. Bxf7+ Nxf7 17. Ne6 Qd7 18. Nxf8 Rxf8 19. a4 Nd6 20. Rxf8+ Bxf8 21.
Qf4 Qf5 22. Qxf5 Nxf5 23. Bf4 Bg7 24. Re1 1/2-1/2

[Event "NAYCC U14"]
[Site "Kingston CAN"]
[Date "2019.08.19"]
[Round "8.131"]
[White "Joseph Benher, Savio"]
[Black "Lang, Quintin"]
[Result "1-0"]
[WhiteElo "2033"]
[BlackElo "1103"]
[PlyCount "51"]
[EventDate "2019.08.16"]
[EventType "swiss"]
[EventRounds "9"]
[EventCountry "CAN"]

1. e4 e5 2. Nf3 Nc6 3. Bb5 a6 4. Ba4 Nf6 5. d3 b5 6. Bb3 Be7 7. a4 Rb8 8. Nc3
d6 9. axb5 axb5 10. h3 O-O 11. Nd5 Bb7 12. c3 h6 13. O-O Re8 14. Nh2 Bf8 15. f4
Nxd5 16. Bxd5 g6 17. f5 Ne7 18. Bxf7+ Kxf7 19. fxg6+ Kg8 20. Qf3 Nf5 21. Qxf5
Re7 22. Ng4 Bc8 23. Nf6+ Kh8 24. Qh5 Bg7 25. Bxh6 Bxf6 26. Bf8+ 1-0

[Event "NAYCC U14"]
[Site "Kingston CAN"]
[Date "2019.08.19"]
[Round "8.132"]
[White "Wang, Oscar"]
[Black "Li, Kevin"]
[Result "1/2-1/2"]
[WhiteElo "1787"]
[BlackElo "1912"]
[PlyCount "71"]
[EventDate "2019.08.16"]
[EventType "swiss"]
[EventRounds "9"]
[EventCountry "CAN"]

1. e4 c5 2. d4 cxd4 3. c3 d3 4. Bxd3 Nc6 5. Nf3 d6 6. h3 Nf6 7. c4 g6 8. Nc3
Bg7 9. Be3 a6 10. Rc1 Bd7 11. b3 O-O 12. Bb1 Rc8 13. O-O Qa5 14. Qe2 Ne5 15.
Nd4 Nc6 16. Rfd1 Nxd4 17. Bxd4 b5 18. Nd5 Nxd5 19. exd5 Rfe8 20. Bxg7 Kxg7 21.
Qb2+ Kg8 22. Qd4 bxc4 23. bxc4 Qc5 24. Qxc5 Rxc5 25. Bd3 Rec8 26. Rc3 a5 27.
Be2 Rb8 28. Rdc1 Rb2 29. R1c2 Rb4 30. Rb3 Rxb3 31. axb3 Kg7 32. g4 e5 33. f3 f5
34. Kg2 Kf6 35. Bd3 Bc8 36. Ra2 1/2-1/2

[Event "NAYCC U14"]
[Site "Kingston CAN"]
[Date "2019.08.19"]
[Round "8.133"]
[White "Jeyakumar, Bhavatharshan"]
[Black "Ouellette, Alex"]
[Result "1-0"]
[WhiteElo "1731"]
[BlackElo "1393"]
[PlyCount "63"]
[EventDate "2019.08.16"]
[EventType "swiss"]
[EventRounds "9"]
[EventCountry "CAN"]

1. e4 c5 2. Nf3 d6 3. d4 cxd4 4. Nxd4 Nf6 5. Nc3 a6 6. Bg5 e6 7. f4 Be7 8. Bc4
Qc7 9. Bb3 h6 10. Bh4 Nc6 11. O-O O-O 12. Kh1 Nxe4 13. Nxe4 Bxh4 14. Nf3 Be7
15. Qd2 b5 16. Rad1 Bb7 17. Ng3 Na5 18. f5 Nxb3 19. axb3 Bxf3 20. Rxf3 Bg5 21.
Qd3 d5 22. Nh5 Rad8 23. h4 Bxh4 24. Qd4 e5 25. Qxh4 f6 26. Rg3 Rf7 27. Nxf6+
Kf8 28. Nxd5 Qc8 29. f6 Rxf6 30. Qb4+ Kf7 31. Qe7+ Kg8 32. Qxg7# 1-0

[Event "NAYCC U14"]
[Site "Kingston CAN"]
[Date "2019.08.19"]
[Round "8.134"]
[White "Liu, Harry"]
[Black "Xu, Philip"]
[Result "1/2-1/2"]
[WhiteElo "1735"]
[BlackElo "1083"]
[PlyCount "45"]
[EventDate "2019.08.16"]
[EventType "swiss"]
[EventRounds "9"]
[EventCountry "CAN"]

1. e4 c6 2. d4 d5 3. exd5 cxd5 4. Nf3 Nf6 5. c3 Bf5 6. Be2 e6 7. Ne5 Nbd7 8. g4
Bg6 9. h4 h5 10. Nxg6 fxg6 11. g5 Ng8 12. Bd3 Ne7 13. Bf4 Nf5 14. Nd2 Qb6 15.
Rb1 Bd6 16. Bxd6 Qxd6 17. Bxf5 gxf5 18. Nf3 g6 19. Rh3 O-O 20. Qe2 a6 21. Ne5
Nxe5 22. dxe5 Qc5 23. b4 1/2-1/2

[Event "NAYCC U14"]
[Site "Kingston CAN"]
[Date "2019.08.19"]
[Round "8.135"]
[White "Wang, Eric"]
[Black "Vijendra, Vinushan"]
[Result "1/2-1/2"]
[WhiteElo "1554"]
[BlackElo "1474"]
[PlyCount "64"]
[EventDate "2019.08.16"]
[EventType "swiss"]
[EventRounds "9"]
[EventCountry "CAN"]

1. e4 e5 2. Nf3 Nc6 3. d4 exd4 4. Nxd4 Bc5 5. Be3 Nxd4 6. Bxd4 Bxd4 7. Qxd4 Qf6
8. Qxf6 Nxf6 9. Nc3 c6 10. f3 O-O 11. O-O-O Re8 12. g3 h6 13. Bh3 a5 14. Rhe1
d5 15. Bxc8 Raxc8 16. exd5 Rxe1 17. Rxe1 cxd5 18. Nb5 Rc6 19. Kd2 Re6 20. Rxe6
fxe6 21. Kd3 Kf8 22. Nd6 b6 23. Kd4 Nd7 24. c4 Ke7 25. Nb5 dxc4 26. f4 c3 27.
Nxc3 Kd6 28. Ne4+ Kc6 29. a3 Kb5 30. Nc3+ Kc6 31. Ne4 Kb5 32. Nd6+ Kc6 1/2-1/2

[Event "NAYCC U14"]
[Site "Kingston CAN"]
[Date "2019.08.19"]
[Round "8.136"]
[White "Ivanescu, Mark"]
[Black "Li, Wing"]
[Result "0-1"]
[WhiteElo "1985"]
[BlackElo "1619"]
[PlyCount "74"]
[EventDate "2019.08.16"]
[EventType "swiss"]
[EventRounds "9"]
[EventCountry "CAN"]

1. d4 d5 2. Bf4 c5 3. e3 Nc6 4. c3 Nf6 5. Nf3 Qb6 6. Qb3 c4 7. Qxb6 axb6 8. Na3
Ra5 9. Bc7 Ra6 10. Nb5 Bf5 11. Be2 e6 12. Nd6+ Bxd6 13. Bxd6 b5 14. Nh4 Bg6 15.
Nxg6 hxg6 16. Bf4 b4 17. cxb4 Nxb4 18. O-O Nxa2 19. b3 Nc3 20. Bxc4 dxc4 21.
Rxa6 bxa6 22. bxc4 Ne2+ 23. Kh1 Nxf4 24. exf4 Ke7 25. f3 Rc8 26. Rc1 Nd5 27.
Kg1 Nxf4 28. Rc2 a5 29. Kf2 Nd5 30. Ke2 Nb6 31. Kd3 a4 32. c5 Nd5 33. Rc1 a3
34. Ra1 Ra8 35. Kd2 a2 36. Kc1 Ne3 37. g3 Nf5 0-1

[Event "NAYCC U14"]
[Site "Kingston CAN"]
[Date "2019.08.19"]
[Round "8.137"]
[White "Ning, Oswin"]
[Black "Mai, Deren"]
[Result "1/2-1/2"]
[WhiteElo "1805"]
[BlackElo "1277"]
[PlyCount "71"]
[EventDate "2019.08.16"]
[EventType "swiss"]
[EventRounds "9"]
[EventCountry "CAN"]

1. e4 c5 2. Nf3 Nc6 3. d4 cxd4 4. Nxd4 Nf6 5. f3 e5 6. Nb3 d5 7. Bg5 dxe4 8.
Qxd8+ Nxd8 9. Bxf6 gxf6 10. fxe4 f5 11. Nc3 Bg7 12. Nd5 O-O 13. Ne7+ Kh8 14.
Nxc8 Rxc8 15. c3 fxe4 16. Be2 f5 17. O-O Ne6 18. Bb5 Nc5 19. Nxc5 Rxc5 20. Bd7
f4 21. Rfe1 e3 22. Bg4 Rd5 23. Rad1 Rd2 24. Rxd2 exd2 25. Rd1 Rd8 26. Bf3 Bf8
27. Kf1 Bc5 28. Ke2 Be3 29. Bxb7 Rb8 30. Bd5 Rxb2 31. Bb3 a5 32. Kd3 a4 33.
Bxa4 Rxa2 34. Bc6 Kg7 35. Ke4 Kf6 36. Kd3 1/2-1/2

[Event "NAYCC U14"]
[Site "Kingston CAN"]
[Date "2019.08.19"]
[Round "8.138"]
[White "Yang, Henry"]
[Black "He, Jinglai"]
[Result "1-0"]
[WhiteElo "1527"]
[BlackElo "1398"]
[PlyCount "97"]
[EventDate "2019.08.16"]
[EventType "swiss"]
[EventRounds "9"]
[EventCountry "CAN"]

1. d4 Nf6 2. c4 e6 3. Nc3 d5 4. Bg5 Be7 5. Nf3 h6 6. Bh4 c6 7. e3 Nbd7 8. Bd3
dxc4 9. Bxc4 b5 10. Be2 a6 11. O-O O-O 12. Rc1 Bb7 13. Qc2 c5 14. dxc5 Bxc5 15.
Rfd1 Qe7 16. Bxf6 gxf6 17. Ne4 Bxe4 18. Qxe4 Ba7 19. Qb7 Rfd8 20. Rc7 Nc5 21.
Rxe7 Nxb7 22. Rxb7 Rxd1+ 23. Bxd1 Rd8 24. Be2 Bc5 25. Rc7 Bb6 26. Rc6 Rb8 27.
Kf1 a5 28. Bxb5 Bxe3 29. fxe3 Rxb5 30. b3 a4 31. bxa4 Rb1+ 32. Kf2 Rb2+ 33. Kg3
Rxa2 34. Ra6 Kf8 35. Ra7 f5 36. Ne5 f6 37. Rf7+ Ke8 38. Rxf6 Rxa4 39. Rxe6+ Kd8
40. Rxh6 Ra3 41. Kf4 Ke8 42. h4 Kf8 43. Rh7 Ra4+ 44. Kxf5 Kg8 45. Rh6 Ra2 46.
g4 Ra3 47. Rb6 Rxe3 48. Kg6 Kf8 49. Nd7+ 1-0

[Event "NAYCC U14"]
[Site "Kingston CAN"]
[Date "2019.08.19"]
[Round "8.139"]
[White "Ran, Charles"]
[Black "De Costa, Benjamin"]
[Result "1-0"]
[WhiteElo "1619"]
[BlackElo "1332"]
[PlyCount "97"]
[EventDate "2019.08.16"]
[EventType "swiss"]
[EventRounds "9"]
[EventCountry "CAN"]

1. e4 c5 2. Nf3 e6 3. d4 cxd4 4. Nxd4 a6 5. Nc3 Qc7 6. Bd3 Nf6 7. O-O Nc6 8.
Nf3 d6 9. Re1 Be7 10. Bf4 e5 11. Be3 O-O 12. h3 b5 13. Nh2 Bb7 14. Ng4 Nxg4 15.
Qxg4 Bc8 16. Qg3 Be6 17. f4 Bf6 18. f5 b4 19. Na4 Qd8 20. fxe6 Bh4 21. Qg4 Bxe1
22. exf7+ Rxf7 23. Rxe1 Kh8 24. Bc4 Rf8 25. Nb6 Rb8 26. Nd7 a5 27. Nxf8 Qxf8
28. Rf1 Qe8 29. Rf7 Qg8 30. Rc7 Qf8 31. Rxc6 h6 32. Rc7 Re8 33. Rf7 Qg8 34. Qg6
Qh7 35. Rxg7 Qxg7 36. Qxe8+ Kh7 37. Qf7 a4 38. Qxg7+ Kxg7 39. Bb5 b3 40. axb3
axb3 41. cxb3 h5 42. Bc6 d5 43. exd5 e4 44. d6 h4 45. d7 Kf7 46. d8=Q Kg6 47.
Bxe4+ Kf7 48. Qd7+ Kf8 49. Bh6+ 1-0

[Event "NAYCC U14"]
[Site "Kingston CAN"]
[Date "2019.08.19"]
[Round "8.140"]
[White "Trey, Justin"]
[Black "Wei, Hunter"]
[Result "1-0"]
[WhiteElo "1419"]
[BlackElo "1530"]
[PlyCount "89"]
[EventDate "2019.08.16"]
[EventType "swiss"]
[EventRounds "9"]
[EventCountry "CAN"]

1. d4 d5 2. c4 e6 3. Nc3 Nf6 4. cxd5 exd5 5. Bg5 Be7 6. e3 c6 7. Bd3 O-O 8.
Nge2 h6 9. Bh4 Qc7 10. Qc2 Nbd7 11. O-O Ng4 12. Bg3 Bd6 13. Nb5 cxb5 14. Qxc7
Bxc7 15. Bxc7 a6 16. h3 Ngf6 17. a4 bxa4 18. Rxa4 b5 19. Bxb5 Ra7 20. Bd6 Rd8
21. Be7 Re8 22. Bxf6 gxf6 23. Nf4 Rd8 24. Nxd5 Kg7 25. Rfa1 Bb7 26. Bxd7 Rxd7
27. Nb4 Rd6 28. f3 Rb6 29. R1a3 Bc6 30. Nxc6 Rxc6 31. Rc3 Rxc3 32. bxc3 Kf8 33.
c4 a5 34. Kf2 Ke7 35. Ke2 Kd6 36. Kd3 f5 37. h4 h5 38. Ke2 Ke6 39. Kf2 Ra6 40.
Kg3 Ke7 41. Kf4 Kf6 42. c5 Kg6 43. d5 Kf6 44. c6 Ra7 45. Rc4 1-0

[Event "NAYCC U14"]
[Site "Kingston CAN"]
[Date "2019.08.19"]
[Round "8.141"]
[White "Wang, Edward"]
[Black "Wang, Robert"]
[Result "0-1"]
[WhiteElo "1111"]
[BlackElo "1287"]
[PlyCount "90"]
[EventDate "2019.08.16"]
[EventType "swiss"]
[EventRounds "9"]
[EventCountry "CAN"]

1. e4 e5 2. Nf3 Nc6 3. d4 exd4 4. Nxd4 Bc5 5. Be3 Bxd4 6. Bxd4 f6 7. Bc4 Nge7
8. Nc3 b6 9. a3 Bb7 10. O-O Ne5 11. Bxe5 fxe5 12. Qh5+ Ng6 13. f4 Qh4 14. Qxh4
Nxh4 15. fxe5 O-O-O 16. e6 dxe6 17. Bxe6+ Kb8 18. Rad1 Rxd1 19. Rxd1 Re8 20.
Bd5 Bxd5 21. Rxd5 Ng6 22. Rd7 Re7 23. Rxe7 Nxe7 24. Kf2 Kc8 25. Kf3 Kd8 26. Kf4
Ke8 27. Nb5 Nc6 28. Nxc7+ Kf7 29. e5 h6 30. Ke4 Ke7 31. Kd5 Kd7 32. Ne6 Ne7+
33. Kc4 Kxe6 34. Kb5 Nd5 35. c4 Ne3 36. c5 bxc5 37. Kxc5 Nxg2 38. b4 Ne3 39. b5
Nd5 40. Kd4 g5 41. a4 g4 42. a5 h5 43. b6 axb6 44. axb6 Nxb6 45. Ke4 Nd5 0-1

[Event "NAYCC U14"]
[Site "Kingston CAN"]
[Date "2019.08.19"]
[Round "8.142"]
[White "Clarke, Adam"]
[Black "Albury, Noah"]
[Result "0-1"]
[WhiteElo "1072"]
[BlackElo "1508"]
[PlyCount "78"]
[EventDate "2019.08.16"]
[EventType "swiss"]
[EventRounds "9"]
[EventCountry "CAN"]

1. d4 d5 2. e3 Nf6 3. c4 c6 4. c5 b6 5. b4 Bf5 6. Nc3 a5 7. Bd3 Bxd3 8. Qxd3
axb4 9. Nb5 cxb5 10. Qxb5+ Qd7 11. Qxb6 Nc6 12. a3 e6 13. a4 Qc8 14. Qb5 Qa6
15. Qb6 Qxb6 16. cxb6 Bd6 17. Nf3 O-O 18. O-O Rfb8 19. Re1 Rxb6 20. Ng5 e5 21.
e4 dxe4 22. d5 Ne7 23. a5 Rba6 24. Nxe4 Nxe4 25. Rxe4 Nxd5 26. Rb1 Nc3 27.
Rbxb4 Bxb4 28. Rxb4 Ne2+ 29. Kf1 Nxc1 30. g3 h6 31. Rb5 Rxa5 32. Rxa5 Rxa5 33.
Ke1 g5 34. Kd2 f5 35. Kxc1 Rd5 36. h4 gxh4 37. gxh4 Kg7 38. Kc2 Rd4 39. h5 Kf6
0-1

[Event "NAYCC U14"]
[Site "Kingston CAN"]
[Date "2019.08.19"]
[Round "8.112"]
[White "Wu, Tony (Dongze)"]
[Black "Putnam, Liam Henry"]
[Result "0-1"]
[WhiteElo "2127"]
[BlackElo "2252"]
[PlyCount "124"]
[EventDate "2019.08.16"]
[EventType "swiss"]
[EventRounds "9"]
[EventCountry "CAN"]

1. d4 Nf6 2. g3 g6 3. Bg2 Bg7 4. Nf3 d6 5. O-O O-O 6. b3 c6 7. Bb2 a5 8. a3 Qc7
9. Nbd2 Nbd7 10. a4 e5 11. dxe5 Nxe5 12. Nxe5 dxe5 13. Nc4 Nh5 14. Ba3 Re8 15.
Bc5 Ra6 16. Qd6 Qxd6 17. Nxd6 Rd8 18. Rad1 Bf8 19. Ne4 Re8 20. Bxf8 Rxf8 21.
Bf3 Ng7 22. Nf6+ Kh8 23. Nd7 Re8 24. Nxe5 Rxe5 25. Rd8+ Re8 26. Rfd1 Bf5 27. e4
Bxe4 28. Bxe4 Ra8 29. Rxa8 Rxa8 30. Rd7 f5 31. Bd3 Rb8 32. Kf1 Ne6 33. Ke2 Nc5
34. Re7 b5 35. axb5 cxb5 36. Re5 a4 37. bxa4 Nxa4 38. Kd2 b4 39. Rb5 Rxb5 40.
Bxb5 Nc5 41. Bc4 Kg7 42. Ke3 Kf6 43. Kd4 Ne4 44. f4 Ke7 45. Bd3 Nd2 46. Bc4
Nf3+ 47. Kc5 Nxh2 48. Be2 Ng4 49. Kxb4 Nf6 50. Bf3 Kd6 51. Kc4 h6 52. Kd4 g5
53. c4 g4 54. Bd5 Nh5 55. c5+ Kc7 56. Ke5 Nxg3 57. Kf6 Nf1 58. Kg6 g3 59. Kf6
Ne3 60. Bf3 h5 61. Ke5 h4 62. Kd4 g2 0-1